000 00474cam a2200193ua 4500
001 409
008 110331n ii |||gr||||Z||||||eng
020 _a81-259-0088-8
040 _cMAIN
082 _a327
245 1 1 _aInternational relations.
_cBy V N Khanna.
250 _a1st.
260 _aNew Delhi.:
_bVikash publishing.,996.
300 _a429 p.:6 cm.
653 _aPolitical science.
653 _aInternational relations.
700 1 _aKhanna, V N.,
942 _cBK
999 _c354
_d354